000 00553nam a22001457a 4500
020 _a978-93-95976-84-8
082 _a823
_bMAP/A
100 _aMAPLE KIDS
245 _aSRINIVASA RAMANUJAN
_bINDIAN SCIENTISTS
260 _aUP
_bMAPLE KIDS
_c2023
300 _a16
520 _aSrinivasa Ramanujan, (born December 22, 1887, Erode, India—died April 26, 1920, Kumbakonam), Indian mathematician whose contributions to the theory of numbers include pioneering discoveries of the properties of the partition function.
650 _aSHORT STORY
942 _cBK
999 _c6925
_d6925